[Event "Natal CBX zt"]
[Site "Natal"]
[Date "2014.02.22"]
[Round "4"]
[White "Carneiro, Jose Gildivan"]
[Black "Da Silva, Thayna Felix"]
[Result "1/2-1/2"]
[WhiteElo "1628"]
[BlackElo "1751"]
[PlyCount "59"]
[EventDate "2014.02.21"]
[EventType "swiss"]
[EventRounds "5"]
[EventCountry "BRA"]
[SourceTitle "CBM 159 Extra"]
[Source "ChessBase"]
[SourceDate "2014.04.24"]
[SourceVersion "1"]
[SourceVersionDate "2014.04.24"]
[SourceQuality "1"]

1. d4 d5 2. c4 c6 3. Nc3 Nf6 4. Nf3 e6 5. e3 Be7 6. Bd3 0-0 7. 0-0 Bb4 8. a3 Bxc3 9. bxc3 dxc4 10. Bxc4 b5 11. Bd3 Nd5 12. Qb3 Qa5 13. Bd2 Qc7 14. e4 Nf4 15. Bc2 a5 16. a4 Ba6 17. Rfe1 Nd7 18. Kh1 Nf6 19. e5 N6d5 20. Bxf4 Nxf4 21. Re4 Nd5 22. Rh4 bxa4 23. Rxa4 g6 24. Ng5 Rfb8 25. Qa2 Nxc3 26. Qa3 Nxa4 27. Rxh7 Qb6 28. Rh8+ Kg7 29. Rh7+ Kg8 30. Rh8+ 1/2-1/2

[Event "Natal CBX zt"]
[Site "Natal"]
[Date "2014.02.21"]
[Round "1"]
[White "Da Silva, Thayna Felix"]
[Black "Oliveira Jr, Antonio Fernandes"]
[Result "0-1"]
[WhiteElo "1751"]
[BlackElo "1826"]
[PlyCount "133"]
[EventDate "2014.02.21"]
[EventType "swiss"]
[EventRounds "5"]
[EventCountry "BRA"]
[SourceTitle "CBM 159 Extra"]
[Source "ChessBase"]
[SourceDate "2014.04.24"]
[SourceVersion "1"]
[SourceVersionDate "2014.04.24"]
[SourceQuality "1"]

1. e4 c5 2. Nf3 g6 3. d3 Bg7 4. Be2 Nc6 5. c3 d6 6. d4 cxd4 7. cxd4 Bg4 8. d5 Bxf3 9. Bxf3 Ne5 10. Qa4+ Qd7 11. Qxd7+ Kxd7 12. Be2 Rc8 13. Nc3 Nf6 14. 0-0 a6 15. Na4 Rc7 16. f4 Neg4 17. Nb6+ Ke8 18. Bd3 Nxe4 19. Bxe4 Bd4+ 20. Kh1 Bxb6 21. Bf3 Nf2+ 22. Kg1 Rc2 23. h3 Kd7 24. Kh2 Rhc8 25. f5 gxf5 26. Bh5 Ke8 27. Bf4 Rxb2 28. Rab1 Rcc2 29. Bf3 Kd7 30. Bg3 Ne4 31. Bf4 Bd4 32. Rbd1 Be5 33. Bxe5 dxe5 34. Rg1 Nf6 35. Rde1 e4 36. Bd1 Rd2 37. Bb3 Nxd5 38. Rd1 e6 39. Rb1 Rxb1 40. Rxb1 Nf4 41. Rg1 e3 42. Bc4 b5 43. Kg3 Nh5+ 44. Kf3 bxc4 45. Kxe3 Rxa2 46. Kd4 Nf4 47. Kxc4 Rxg2 48. Rd1+ Ke7 49. Ra1 Rc2+ 50. Kb3 Rc6 51. h4 h5 52. Ka4 Ng6 53. Rb1 Rc4+ 54. Ka5 Rxh4 55. Kxa6 Rd4 56. Kb5 h4 57. Kc5 Rd5+ 58. Kc4 Ne5+ 59. Kc3 h3 60. Rh1 Rd3+ 61. Kc2 Rg3 62. Kd2 h2 63. Ke2 Rg2+ 64. Ke3 Ng4+ 65. Kf3 Rg1 66. Rxh2 Nxh2+ 67. Kf2 0-1

[Event "Potiguar-ch (Women)"]
[Site "Natal"]
[Date "2014.01.24"]
[Round "4"]
[White "Da Silva, Thayna Felix"]
[Black "Da Silva, Cibele Florencio"]
[Result "1-0"]
[WhiteElo "1731"]
[BlackElo "1699"]
[PlyCount "47"]
[EventDate "2014.01.23"]
[EventType "swiss"]
[EventRounds "6"]
[EventCountry "BRA"]
[SourceTitle "EXT 2015"]
[Source "ChessBase"]
[SourceDate "2014.11.20"]
[SourceVersion "1"]
[SourceVersionDate "2014.11.20"]
[SourceQuality "1"]

1. e4 e5 2. Nf3 Nc6 3. d4 exd4 4. Nxd4 Nxd4 5. Qxd4 Qe7 6. Bd2 Qc5 7. Qd3 Nf6 8. h3 Qe5 9. Nc3 Bb4 10. f3 Qg3+ 11. Ke2 Qd6 12. Qe3 b6 13. e5 Qe6 14. exf6 Qxe3+ 15. Kxe3 gxf6 16. Nd5 Bxd2+ 17. Kxd2 0-0 18. Nxc7 Rb8 19. Nd5 Kg7 20. Re1 Bb7 21. Nf4 Rfe8 22. Bd3 Kg8 23. Nh5 Rxe1 24. Rxe1 1-0

[Event "Potiguar-ch (Women)"]
[Site "Natal"]
[Date "2014.01.24"]
[Round "3"]
[White "Silva, Carolina Alves"]
[Black "Da Silva, Thayna Felix"]
[Result "1-0"]
[WhiteElo "1904"]
[BlackElo "1731"]
[PlyCount "147"]
[EventDate "2014.01.23"]
[EventType "swiss"]
[EventRounds "6"]
[EventCountry "BRA"]
[SourceTitle "EXT 2015"]
[Source "ChessBase"]
[SourceDate "2014.11.20"]
[SourceVersion "1"]
[SourceVersionDate "2014.11.20"]
[SourceQuality "1"]

1. e4 e5 2. Nf3 Nc6 3. Bb5 d6 4. 0-0 Nf6 5. Nc3 Bd7 6. Re1 Be7 7. d4 0-0 8. Bxc6 Bxc6 9. dxe5 dxe5 10. Qxd8 Raxd8 11. Nxe5 Rd6 12. Nxc6 Rxc6 13. e5 Nd7 14. Bf4 Bb4 15. Bd2 Bxc3 16. Bxc3 Re6 17. Rad1 Nb6 18. f4 g6 19. g4 Na4 20. Bb4 Rfe8 21. f5 Rxe5 22. Rxe5 Rxe5 23. b3 Re4 24. f6 Rxg4+ 25. Kh1 h5 26. Rd8+ Kh7 27. Bf8 Nb6 28. Bg7 g5 29. Rh8+ Kg6 30. Rh6+ Kf5 31. Rxh5 Nd5 32. Rh6 Nb4 33. Rh8 Nxa2 34. Rc8 Ke6 35. Rxc7 Rb4 36. Kg2 Rb5 37. Re7+ Kf5 38. Rxf7 Kg6 39. Rc7 Nb4 40. Bh8 Rf5 41. Rxb7 Nxc2 42. Rxa7 Ne3+ 43. Kg3 Rf4 44. f7 Rxf7 45. Rxf7 Kxf7 46. b4 Ke6 47. Kf3 Nf1 48. h3 Kd5 49. Bf6 Nd2+ 50. Kg4 Ne4 51. Bxg5 Kc4 52. Be7 Nf2+ 53. Kg3 Nd3 54. h4 Ne5 55. h5 Nf7 56. Kf4 Nh6 57. Kg5 Ng8 58. h6 Nxh6 59. Kxh6 Kb5 60. Kg6 Kc6 61. Kf5 Kb5 62. Ke6 Kc6 63. Bc5 Kb5 64. Kd5 Ka6 65. Kc4 Kb7 66. b5 Kc7 67. Kd5 Kb7 68. Kd6 Kc8 69. Kc6 Kb8 70. b6 Ka8 71. b7+ Kb8 72. Bd6+ Ka7 73. b8Q+ Ka6 74. Qb6# 1-0

[Event "Potiguar-ch"]
[Site "Natal"]
[Date "2013.10.05"]
[Round "7.7"]
[White "Da Silva, Thayna Felix"]
[Black "Azevedo, Alcides Alexandre"]
[Result "1/2-1/2"]
[WhiteElo "1800"]
[BlackElo "2033"]
[PlyCount "59"]
[EventDate "2013.09.27"]
[EventType "swiss"]
[EventRounds "9"]
[EventCountry "BRA"]
[SourceTitle "EXT 2015"]
[Source "ChessBase"]
[SourceDate "2014.11.20"]
[SourceVersion "1"]
[SourceVersionDate "2014.11.20"]
[SourceQuality "1"]

1. e4 c5 2. Nc3 Nc6 3. Nf3 d6 4. d4 cxd4 5. Nxd4 Nf6 6. Bb5 Bd7 7. Bxc6 bxc6 8. Bg5 Rb8 9. b3 Qa5 10. Qd2 Rb4 11. Bxf6 gxf6 12. a3 Rb8 13. Qd3 Rg8 14. 0-0 Qh5 15. Nf5 Qg5 16. Qf3 Qg4 17. Qxg4 Rxg4 18. f3 Rg5 19. Ng3 Bh6 20. Rfe1 Rc5 21. Nd1 Rxc2 22. b4 Be6 23. Ne3 Rc3 24. Ngf5 Bf4 25. Nd1 Rd3 26. Ng7+ Kd7 27. Nxe6 fxe6 28. g3 Be5 29. Rb1 Rxf3 30. Kg2 1/2-1/2

[Event "Natal op"]
[Site "Natal"]
[Date "2013.09.07"]
[Round "4"]
[White "Lacerda, Gabriel Valero Bell"]
[Black "Da Silva, Thayna Felix"]
[Result "1-0"]
[WhiteElo "1757"]
[BlackElo "1800"]
[PlyCount "59"]
[EventDate "2013.09.06"]
[EventType "swiss"]
[EventRounds "6"]
[EventCountry "BRA"]
[SourceTitle "EXT 2016"]
[Source "ChessBase"]
[SourceDate "2015.10.08"]
[SourceVersion "1"]
[SourceVersionDate "2015.10.08"]
[SourceQuality "1"]

1. e4 e5 2. Nf3 Nc6 3. Bb5 d6 4. d4 exd4 5. Nxd4 Bd7 6. Nc3 a6 7. Bxc6 Bxc6 8. Nxc6 bxc6 9. 0-0 Be7 10. Re1 Bg5 11. e5 d5 12. e6 fxe6 13. Rxe6+ Be7 14. Bg5 Qd7 15. Qe2 Nf6 16. Re1 0-0 17. Rxe7 Qd6 18. Bxf6 Rxf6 19. Re8+ Rf8 20. Rxf8+ Qxf8 21. Qe6+ Kh8 22. Qe7 Qc8 23. Qf7 Qf8 24. Re7 Qxf7 25. Rxf7 Rc8 26. f4 Kg8 27. Rd7 Kf8 28. Kf2 Ke8 29. Rxg7 h5 30. Rg8+ 1-0

[Event "Natal Potiguar op"]
[Site "Natal"]
[Date "2013.07.06"]
[Round "4"]
[White "Da Silva, Thayna Felix"]
[Black "Silva, Carolina Alves"]
[Result "0-1"]
[WhiteElo "1800"]
[BlackElo "1725"]
[PlyCount "92"]
[EventDate "2013.07.05"]
[EventType "swiss"]
[EventRounds "6"]
[EventCountry "BRA"]
[SourceTitle "EXT 2014"]
[Source "ChessBase"]
[SourceDate "2013.11.20"]
[SourceVersion "1"]
[SourceVersionDate "2013.11.20"]
[SourceQuality "1"]

1. e4 c5 2. d4 cxd4 3. Qxd4 Nc6 4. Qd1 Nf6 5. Nc3 e5 6. Nf3 Bb4 7. Bg5 h6 8. Bxf6 Qxf6 9. Qd2 0-0 10. Be2 Nd4 11. 0-0 Bxc3 12. bxc3 Nxe2+ 13. Qxe2 b6 14. Qd2 d6 15. Rfd1 Rd8 16. Qd5 Ba6 17. c4 Rac8 18. Nd2 Rc5 19. Qd3 Rdc8 20. Qf3 Qxf3 21. Nxf3 R8c6 22. Nd2 Bxc4 23. Nb3 Rb5 24. h3 a5 25. a4 Rb4 26. Ra3 Bxb3 27. cxb3 Rxe4 28. Ra2 Kf8 29. Rad2 Ke7 30. f3 Re3 31. Rd3 Rxd3 32. Rxd3 Rc2 33. Re3 Ke6 34. f4 Kf6 35. fxe5+ dxe5 36. Rd3 Ke6 37. Kh2 e4 38. Re3 f5 39. Kg3 g5 40. Kh2 Ke5 41. b4 Kd4 42. Rb3 Rc3 43. Rb2 f4 44. Kg1 e3 45. Kf1 Kd3 46. bxa5 Rc1# 0-1

[Event "Natal Potiguar op"]
[Site "Natal"]
[Date "2013.07.05"]
[Round "2"]
[White "Da Silva, Thayna Felix"]
[Black "De Araujo, Antonio Jose"]
[Result "0-1"]
[WhiteElo "1800"]
[BlackElo "1730"]
[PlyCount "59"]
[EventDate "2013.07.05"]
[EventType "swiss"]
[EventRounds "6"]
[EventCountry "BRA"]
[SourceTitle "EXT 2014"]
[Source "ChessBase"]
[SourceDate "2013.11.20"]
[SourceVersion "1"]
[SourceVersionDate "2013.11.20"]
[SourceQuality "1"]

1. e4 Nf6 2. e5 Nd5 3. Bc4 Nb6 4. Be2 e6 5. Nf3 d5 6. d4 c6 7. 0-0 Be7 8. c3 h6 9. b3 N8d7 10. a4 Rb8 11. a5 Na8 12. b4 b5 13. axb6 axb6 14. b5 c5 15. Ra7 c4 16. Ba3 Bxa3 17. Rxa3 Nc7 18. Qa4 Bb7 19. Ne1 Ra8 20. Qb4 Rxa3 21. Nxa3 Qe7 22. Qxe7+ Kxe7 23. Nec2 Ra8 24. h3 Ra5 25. Rb1 f6 26. exf6+ Nxf6 27. f3 Nce8 28. f4 Nd6 29. Bg4 Nde4 30. Re1 0-1